[Event "AUTO-INT-918"]
[Site "http://www.queenalice.com/game.php?id=489081"]
[Date "2008.11.6"]
[Round "3"]
[White "tuninglou"]
[Black "hal50buck"]
[Result "1-0"]
[WhiteElo "1656"]
[BlackElo "1797"]

1. e4 Nc6 2. b3 e5 3. Nc3 Bc5 4. Bb2 Qh4 5. g3 Qf6 6. Nf3 Nd4 7. Be2 Ne7 8. O-O
O-O 9. Nxd4 exd4 10. Na4 d6 11. Nxc5 dxc5 12. Bf3 Nc6 13. Re1 Ne5 14. Be2 g5 15.
Ba3 b6 16. b4 c4 17. d3 c3 18. Rb1 b5 19. Bc1 h6 20. f3 h5 21. Rf1 Bh3 22. Rf2
g4 23. fxg4 Qe6 24. gxh5 f5 25. Bf4 fxe4 26. dxe4 Nc4 27. Bf1 Ne3 28. Qe2 Bxf1
29. Rbxf1 Nxf1 30. Rxf1 Rf7 31. h6 Qg6 32. e5 Re7 33. Qxb5 Qb6 34. Qd5+ Kh7 35.
Qe4+ 1-0

[Event "AUTO-INT-918"]
[Site "http://www.queenalice.com/game.php?id=489082"]
[Date "2008.11.6"]
[Round "3"]
[White "jope"]
[Black "tuninglou"]
[Result "1-0"]
[WhiteElo "1744"]
[BlackElo "1711"]

1. e4 e5 2. Nf3 Nc6 3. Bb5 Nge7 4. d3 d6 5. h3 Bd7 6. O-O Ng6 7. Bc4 Be7 8. Be3
O-O 9. Nc3 Bf6 10. Qd2 h6 11. Nd5 1-0

[Event "AUTO-INT-918"]
[Site "http://www.queenalice.com/game.php?id=489083"]
[Date "2008.11.6"]
[Round "3"]
[White "tuninglou"]
[Black "jope"]
[Result "0-1"]
[WhiteElo "1682"]
[BlackElo "1787"]

1. Nc3 e5 2. e4 Nf6 3. b3 g6 4. Bd3 Bg7 5. Bb2 O-O 6. Nf3 d6 7. O-O Bg4 8. h3
Bxf3 9. Qxf3 a6 10. Rae1 c6 11. Ba3 Re8 12. g4 c5 13. b4 cxb4 14. Bxb4 Nc6 15.
Ba3 b5 16. Bb2 Nd4 17. Qe3 Nc6 0-1

[Event "Challenge"]
[Site "http://www.queenalice.com/game.php?id=514466"]
[Date "2008.12.29"]
[Round "-"]
[White "luizantoniosetti"]
[Black "tuninglou"]
[Result "1-0"]
[WhiteElo "2167"]
[BlackElo "1658"]

1. e4 e5 2. Nf3 d6 3. d4 Nc6 4. Bb5 Bd7 5. c4 Nf6 6. d5 Na5 7. Bxd7+ Qxd7 8.
Nbd2 g6 9. b4 Nxc4 10. Nxc4 Qb5 11. Ncd2 Qxb4 12. Rb1 Qa5 13. Qc2 b6 14. Qc6+
Ke7 15. Qxa8 Nxe4 16. Qc6 1-0

[Event "Challenge"]
[Site "http://www.queenalice.com/game.php?id=552499"]
[Date "2009.3.8"]
[Round "-"]
[White "leiva2"]
[Black "tuninglou"]
[Result "1-0"]
[WhiteElo "1975"]
[BlackElo "1646"]

1. e4 Nf6 2. e5 Nd5 3. d4 d6 4. Nf3 Bg4 5. Bc4 e6 6. h3 Bf5 7. Nc3 Nxc3 8. bxc3
d5 9. Bb3 Be7 10. O-O O-O 11. c4 Nc6 12. c3 Bg6 13. cxd5 exd5 14. Rb1 Bxb1 15.
Bc2 Bxa2 16. Qd3 g6 17. Nh2 Bc4 18. Qg3 Bxf1 19. Kxf1 f6 20. Ng4 fxe5 21. Nh6+
Kg7 22. Nf5+ Kh8 23. Bh6 Rf7 24. Ne3 Bd6 25. Bg5 e4 26. Qh4 Qe8 27. Nxd5 Qe6 28.
Bxe4 Rxf2+ 29. Kxf2 1-0

[Event "Challenge"]
[Site "http://www.queenalice.com/game.php?id=552501"]
[Date "2009.3.8"]
[Round "-"]
[White "tuninglou"]
[Black "tewald"]
[Result "0-1"]
[WhiteElo "1675"]
[BlackElo "1788"]

1. e4 e6 2. Nc3 d5 3. d4 dxe4 4. Nxe4 Bd7 5. b3 Bc6 6. Bd3 f5 7. f3 fxe4 8. Bxe4
Nf6 9. Bg5 Be7 10. Bf4 Nxe4 11. fxe4 O-O 12. Ne2 Bxe4 13. Rg1 Bg5 14. Qd2 Bxf4
15. Nxf4 Rxf4 16. Qxf4 Bc6 17. Rf1 Qe7 18. Rf2 Nd7 19. Qxc7 Qe8 20. Kd2 Nf6 21.
Ke2 Nd5 22. Qd6 Rd8 23. Qe5 Nc3+ 24. Kd3 Nb5 0-1

[Event "AUTO-INT-1233"]
[Site "http://www.queenalice.com/game.php?id=552807"]
[Date "2009.3.8"]
[Round "1"]
[White "tuninglou"]
[Black "Rogertodyy"]
[Result "1-0"]
[WhiteElo "1632"]
[BlackElo "1495"]

1. e4 e5 2. Nf3 Nc6 3. d4 exd4 4. Nxd4 Qf6 5. Nf5 Bc5 6. Nc3 d6 7. Nd5 Qd8 8.
Nxg7+ Kf8 9. Nf5 Nge7 10. Bg5 Bxf5 11. exf5 Qe8 12. Nxc7 Qc8 13. Nxa8 Qxa8 14.
Bh6+ Ke8 15. Qe2 Kd7 16. f6 Nf5 17. Qg4 Ke6 18. Bc4+ Kxf6 19. Qg5+ 1-0

[Event "AUTO-INT-1233"]
[Site "http://www.queenalice.com/game.php?id=552808"]
[Date "2009.3.8"]
[Round "1"]
[White "Rogertodyy"]
[Black "tuninglou"]
[Result "0-1"]
[WhiteElo "1521"]
[BlackElo "1690"]

1. e4 e5 2. Nf3 Nc6 3. Bc4 Nf6 4. Nc3 Bc5 5. Na4 Nxe4 6. Qe2 Bxf2+ 7. Kd1 d5 8.
Bb3 Bd4 9. Nxd4 Nxd4 10. Qe3 Bg4+ 11. Ke1 O-O 12. d3 Qh4+ 13. Kf1 Be2+ 14. Kg1
Qe1# 0-1

[Event "AUTO-INT-1233"]
[Site "http://www.queenalice.com/game.php?id=552809"]
[Date "2009.3.8"]
[Round "1"]
[White "tuninglou"]
[Black "kanibal"]
[Result "0-1"]
[WhiteElo "1614"]
[BlackElo "1464"]

1. d4 d5 2. Nc3 Nf6 3. Nf3 Bg4 4. e3 c6 5. Be2 Bxf3 6. Bxf3 Na6 7. O-O e6 8. Qd3
Nb4 9. Qd2 Be7 10. a3 Na6 11. Qd3 O-O 12. e4 dxe4 13. Bxe4 g6 14. Bh6 Nxe4 15.
Bxf8 Nxc3 16. Bxe7 Qxe7 17. Qxc3 Rd8 18. Rad1 Rd5 19. b4 Nc7 20. a4 b5 21. a5
Na6 22. Rb1 Qf6 23. Qxc6 Nb8 24. Qe8+ Kg7 25. Qxb8 Qxd4 26. h3 a6 27. Qc8 Qa7
28. c3 Rd7 29. Rbd1 Rc7 30. Qe8 Rxc3 31. Rd7 Qxd7 32. Qxd7 Rc4 0-1

[Event "AUTO-INT-1233"]
[Site "http://www.queenalice.com/game.php?id=552810"]
[Date "2009.3.8"]
[Round "1"]
[White "kanibal"]
[Black "tuninglou"]
[Result "1-0"]
[WhiteElo "1449"]
[BlackElo "1659"]

1. e4 d5 2. e5 e6 3. d4 Nc6 4. Nf3 Nge7 5. Bb5 Bd7 6. Bxc6 Bxc6 7. O-O Nf5 8.
Bg5 Be7 9. Bxe7 Qxe7 10. a3 Bb5 11. Re1 O-O 12. a4 Bc4 13. b3 Ba6 14. Nc3 Rac8
15. h3 c5 16. dxc5 Rxc5 17. Nb5 b6 18. c4 dxc4 19. bxc4 Rxc4 20. Rc1 Qb4 21. Nc7
Bb7 22. Nd2 Rd4 23. Re2 Nh4 24. Qe1 Nxg2 25. Qd1 Rfd8 26. Rc2 Qxa4 27. Qc1 h6
28. Qb2 1-0

[Event "AUTO-INT-1233"]
[Site "http://www.queenalice.com/game.php?id=552811"]
[Date "2009.3.8"]
[Round "1"]
[White "tuninglou"]
[Black "Fariajj"]
[Result "0-1"]
[WhiteElo "1664"]
[BlackElo "1610"]

1. e4 c5 2. Nf3 Nc6 3. d4 cxd4 4. Nxd4 Nf6 5. Nc3 d6 6. Bb5 Bd7 7. Be3 e5 8. Nf5
Be7 9. Nxg7+ Kf8 10. Bh6 Ng8 11. Ne6+ Ke8 12. Nxd8 Bxd8 13. Be3 h6 14. Nd5 a6
15. Bc4 b5 16. Bb3 Nf6 0-1

[Event "AUTO-INT-1233"]
[Site "http://www.queenalice.com/game.php?id=552812"]
[Date "2009.3.8"]
[Round "1"]
[White "Fariajj"]
[Black "tuninglou"]
[Result "1-0"]
[WhiteElo "1628"]
[BlackElo "1643"]

1. d4 Nc6 2. Nf3 d5 3. c4 Bg4 4. Nc3 Nf6 5. e3 e6 6. Be2 Bb4 7. O-O O-O 8. h3
Bf5 9. a3 Bd6 10. Bd3 Bxd3 11. Qxd3 Re8 12. e4 e5 13. cxd5 exd4 14. Nxd4 Ne5 15.
Qc2 Qd7 16. Bg5 1-0

[Event "AUTO-OPEN-1470"]
[Site "http://www.queenalice.com/game.php?id=552869"]
[Date "2009.3.8"]
[Round "1"]
[White "fugazeton2"]
[Black "tuninglou"]
[Result "1-0"]
[WhiteElo "1706"]
[BlackElo "1686"]

1. d4 Nc6 2. e3 e5 3. d5 Nce7 4. c4 d6 5. e4 Bd7 6. Nf3 Nf6 7. Be2 Nxe4 8. O-O
Nf5 9. Nc3 Nxc3 10. bxc3 Qf6 11. Bg5 Qg6 12. Qd2 h6 13. Be3 Be7 14. Bd3 O-O 15.
Be4 Qh5 16. h3 Nxe3 17. Qxe3 1-0

[Event "AUTO-OPEN-1470"]
[Site "http://www.queenalice.com/game.php?id=552870"]
[Date "2009.3.8"]
[Round "1"]
[White "tuninglou"]
[Black "fugazeton2"]
[Result "1-0"]
[WhiteElo "1643"]
[BlackElo "1430"]

1. e4 c5 2. b3 e5 3. Bb2 d6 4. Nc3 Nf6 5. Nf3 Be7 6. Bc4 O-O 7. O-O Be6 8. Bd5
Bxd5 9. Nxd5 Nxd5 10. exd5 f5 11. d3 Bf6 12. Rb1 Qd7 13. Qd2 g6 14. Ng5 Bxg5 15.
Qxg5 Qf7 16. c4 Qf6 17. Qh6 Qg7 18. Qg5 Qf6 19. Qxf6 Rxf6 20. Rbe1 Nd7 21. g3 f4
22. gxf4 Rf5 23. fxe5 dxe5 24. Re4 a6 25. a3 1-0

[Event "AUTO-OPEN-1470"]
[Site "http://www.queenalice.com/game.php?id=552889"]
[Date "2009.3.8"]
[Round "1"]
[White "aeciocoracaodepedra"]
[Black "tuninglou"]
[Result "0-1"]
[WhiteElo "1365"]
[BlackElo "1671"]

1. e4 e5 2. Nc3 Nc6 3. Bc4 Nf6 4. d3 d6 5. Nd5 Nxd5 6. exd5 Nd4 7. c3 Nf5 8. Nf3
Be7 9. O-O O-O 10. b4 Bf6 11. Bb3 Bd7 12. c4 Nd4 13. Nxd4 exd4 14. Qc2 Be5 0-1

[Event "AUTO-OPEN-1470"]
[Site "http://www.queenalice.com/game.php?id=552890"]
[Date "2009.3.8"]
[Round "1"]
[White "tuninglou"]
[Black "aeciocoracaodepedra"]
[Result "1-0"]
[WhiteElo "1626"]
[BlackElo "1386"]

1. e4 e5 2. Nf3 Nc6 3. b3 Bc5 4. Bb2 d6 5. Bb5 Bd7 6. O-O Nf6 7. Re1 Nh5 8. Bxc6
Bxc6 9. d3 Nf4 10. Nbd2 Qf6 11. Nc4 O-O 12. d4 Qg6 13. g3 Bb4 14. c3 Bxc3 15.
Bxc3 exd4 16. Qxd4 Ne6 17. Qe3 f6 18. Rad1 b5 19. Na5 1-0

[Event "AUTO-OPEN-1470"]
[Site "http://www.queenalice.com/game.php?id=552901"]
[Date "2009.3.8"]
[Round "1"]
[White "tuninglou"]
[Black "faelgalodoido"]
[Result "1-0"]
[WhiteElo "1650"]
[BlackElo "1486"]

1. Nf3 d5 2. d4 h6 3. Nc3 Nf6 4. e3 Nc6 5. Bb5 Bg4 6. O-O Qd6 7. h3 Bxf3 8. Qxf3
a6 9. Bd3 Nb4 10. Rd1 e5 11. e4 dxe4 12. Bxe4 c6 13. a3 Nbd5 14. Bd2 Nxe4 15.
Qxe4 Nxc3 16. Bxc3 O-O-O 17. dxe5 Qe7 18. Ba5 Rxd1+ 19. Rxd1 f6 20. Qf5+ Kb8 21.
Rd8+ Qxd8 22. Bxd8 Ka7 23. exf6 gxf6 24. Bxf6 Rg8 25. Bd4+ b6 26. Qd7+ Kb8 27.
Be5+ Ka8 28. Qc8+ 1-0

[Event "AUTO-OPEN-1470"]
[Site "http://www.queenalice.com/game.php?id=552902"]
[Date "2009.3.8"]
[Round "1"]
[White "faelgalodoido"]
[Black "tuninglou"]
[Result "0-1"]
[WhiteElo "1525"]
[BlackElo "1680"]

1. e4 e5 2. Nf3 Nc6 3. d4 Nf6 4. dxe5 Nxe4 5. Qd5 f5 6. Bc4 Qe7 7. Bg5 Nxg5 8.
Nxg5 Qxg5 9. Qf7+ Kd8 10. e6 Nd4 11. exd7 Qc1# 0-1

[Event "España X Brasil"]
[Site "http://www.queenalice.com/game.php?id=567041"]
[Date "2009.4.5"]
[Round "-"]
[White "luizantoniosetti"]
[Black "tuninglou"]
[Result "1-0"]
[WhiteElo "2097"]
[BlackElo "1592"]

1. d4 d5 2. c4 e6 3. Nc3 Ne7 4. cxd5 exd5 5. Nf3 Nbc6 6. e3 Qd6 7. Bd3 Nb4 8.
Qa4+ Bd7 9. Bb5 c6 10. Be2 c5 11. Qd1 c4 12. Ne5 Nf5 13. a3 f6 14. Nxd7 Qxd7 15.
axb4 Bxb4 16. Qa4 Qxa4 17. Rxa4 Bd6 18. Nxd5 b5 19. Ra1 O-O 20. Nc3 a6 21. Bf3
Ra7 22. O-O b4 23. Nb5 Rd7 24. Rxa6 g5 25. Nxd6 Rxd6 26. Rxd6 1-0